| 000 | 00388cam a2200157ua 4500 | ||
|---|---|---|---|
| 041 |
_aeng _h |
||
| 082 |
_a028.72621 _bDIC/MO |
||
| 100 | _aDickie, Donald . | ||
| 245 | 0 | 0 |
_aMobile crane manual / _cDonald Dickie. _hTextual Documents |
| 250 |
_a1 / _b. |
||
| 260 |
_aLondon : _bButterworth Scientific , _c1985. |
||
| 300 | _a353 ; . | ||
| 504 | _a | ||
| 942 | _cBK | ||
| 999 |
_c6818 _d6818 |
||